Identity

Đã lưu trong:
Bibliografiske detaljer
Hovedforfatter: Joseph Shaules
Format: Bog
Sprog:Undetermined
Udgivet: Oxford Oxford Univ. Press 2004
Fag:
Tags: Tilføj Tag
Ingen Tags, Vær først til at tagge denne postø!
Thư viện lưu trữ: Trung tâm Học liệu Trường Đại học Cần Thơ
LEADER 00551nam a2200205Ia 4500
001 CTU_65662
008 210402s9999 xx 000 0 und d
020 |b 114000 
082 |a 428.24 
082 |b S533 
100 |a Joseph Shaules 
245 0 |a Identity 
245 0 |c Joseph Shaules, Hiroko Tsujioka and Miyuki Lida 
260 |a Oxford 
260 |b Oxford Univ. Press 
260 |c 2004 
650 |a english language 
650 |x textbooks for foreign speakers 
904 |i Minh 
980 |a Trung tâm Học liệu Trường Đại học Cần Thơ